Grammar : Form and Function

The passive voice, causatives, and phrasal verbs, gerunds and infinitives, agreement and paralel structure, noun clause and reported speech, adjective clauses, adverb clauses, conditional sentences.

שמור ב:
מידע ביבליוגרפי
מחבר ראשי: Broukal, Milada
פורמט: ספר
שפה:Undetermined
יצא לאור: New York McGraw-Hill 2005
נושאים:
תגים: הוספת תג
אין תגיות, היה/י הראשונ/ה לתייג את הרשומה!
Thư viện lưu trữ: Trung tâm Học liệu Trường Đại học Cần Thơ
LEADER 00868nam a2200229Ia 4500
001 CTU_172797
008 210402s9999 xx 000 0 und d
020 |c 14 
082 |a 428.24 
082 |b B875/3B 
100 |a Broukal, Milada 
245 0 |a Grammar : 
245 0 |b Form and Function 
245 0 |c Milada Broukal 
260 |a New York 
260 |b McGraw-Hill 
260 |c 2005 
520 |a The passive voice, causatives, and phrasal verbs, gerunds and infinitives, agreement and paralel structure, noun clause and reported speech, adjective clauses, adverb clauses, conditional sentences. 
650 |a English language,English language,Ngôn ngữ tiếng Anh,Ngôn ngữ tiếng Anh 
650 |x Grammar,Function words,Ngữ pháp,Chức năng từ 
904 |i Lan 
980 |a Trung tâm Học liệu Trường Đại học Cần Thơ